Movies Quiz

Random Movies or Actor Quiz

Oscar-Nominated Actors In Jurassic Park Quiz Stats

 Plays Quiz not verified by Sporcle

Score 0/6 Timer 01:30
0 Plays Today
% Correct
Samuel L. Jackson
95.4%
Julianne Moore
94.9%
Laura Dern
94.5%
William H. Macy
92%
James Cromwell
86.7%
Pete Postlethwaite
85.7%

You're not logged in!

Compare scores with friends on all Sporcle quizzes.
OR
Log In

Show Comments

Extras

Top Quizzes Today


Score Distribution

Your Account Isn't Verified!

In order to create a playlist on Sporcle, you need to verify the email address you used during registration. Go to your Sporcle Settings to finish the process.

Report this User

Report this user for behavior that violates our Community Guidelines.

Details: